000
00315nam a22001337a 4500
003
MACL
005
20170702125009.0
008
170702b xxu||||| |||| 00| 0 eng d
040
_c
MACL
100
_a
Rao, Srinivas Adige
_9
67992
245
_a
The Ascent of Aurangzeb
650
_a
Fiction
_9
67993
942
_2
ddc
_c
BK
999
_c
56687
_d
56687